000 01200cam a22003134a 4500
001 17325208
005 20170105102841.0
008 120531s2013 enkab b 001 0 eng
010 _a 2012019906
020 _a9780415522229 (hbk.)
020 _z9780203080887 (ebook)
040 _aDLC
_cDLC
_dDLC
042 _apcc
043 _aap-----
050 0 0 _aHJ3841.P35
_bB39 2013
082 0 0 _a332.672
_223
100 1 _aBazoobandi, Sara.
245 1 0 _aPolitical economy of the Gulf sovereign wealth funds :
_ba case study of Iran, Kuwait, Saudi Arabia and the UAE /
_cSara Bazoobandi.
260 _aAbingdon, Oxon ;
_aNew York, NY :
_bRoutledge,
_c2013.
300 _axii, 196 p. :
_bill., map ;
_c24 cm.
490 0 _aRoutledge studies in Middle Eastern economies
504 _aIncludes bibliographical references and index.
650 0 _aSovereign wealth funds
_zPersian Gulf Region.
650 0 _aMonetary policy
_zPersian Gulf Region.
651 0 _aPersian Gulf Region
_xEconomic policy.
906 _a7
_bcbc
_corignew
_d1
_eecip
_f20
_gy-gencatlg
942 _2ddc
_cBK
999 _c13862
_d13862